1820 1204 1302 1342 1649 1528 1652 1665 1254 1035 1522 1883 1103 1649 1979 1001 1230 1206 1957 1292 1729 1943 1744 1899 1492 1900 1506 1360 1114 1545 1916 1893 1753 1678 1647 1313 1791 1756 1864 1532 1589 1370 1215 1704 1740 1424 1795 1801 1415 1255 1449 1438 1825 1774 1848 1044 1739 1532 1144 1283 1483 1539 1023 1825 1818 1501 1649 1506 1132 1162 1586 1417 1621 1278 1184 1649 1268 1946 1528 1731 1851 1612 1171 1974 1397 1284 1342 1307 1651 1728 1146 1503 1566 1706 1219 1438 1669 1570 1167 BCNSPRNW ULIB Ver.6.0+V

เปลี่ยนเป็นภาษาไทย

Change to English
 แสดงรายละเอียดบรรณานุกรม
  กลับหน้าหลัก

Brief Record : Get Marc (ISO 2709) : E-mail record : QR code < ปิดหน้าต่าง
LEADER : 00000nam 2200000uu 4500
001    13399107868
003     ULIB
008    110208s2542||||th 000 0 tha d
020    9746618172
060 04 WY162^bว815ก 2542
100 0  วีณา บัลลังโพธิ์
245 10 การเตรียมตัวเข้าทำผ่าตัด =^bPreparation for surgery /^cวีณา บัลลังโพธิ์
246 31 Preparation for surgery
260    กรุงเทพฯ :^bพิมพ์ดีจำกัด,^c2542
300    67 หน้า :^bภาพประกอบ ;^c21 ซม.
650  2 Surgery
650  7 ศัลยกรรม
945    ^p80^l0^i010417
945    ^p80^l0^i010416
945    ^p80^l0^i010415
995    เกษร
999 ^a ใช้งานได้ทุกระบบ
รายการนี้ยังไม่มีแท็ก
คุณยังไม่ได้ล็อกอิน คุณสามารถมีกิจกรรมร่วมกับเว็บไซต์ได้ แต่ต้องล็อกอินก่อน ::
  ล็อกอิน

รายการสื่อสารสนเทศ

ลำดับที่ ประเภท เลขเรียก/บาร์โค้ด สถานที่ สถานะ
- ไม่พบข้อมูล -

รายการใกล้เคียง
    หัวเรื่อง [Surgery]
    หัวเรื่อง [ศัลยกรรม]

BibComment


ยังไม่เคยถูกคอมเมนท์

คอมเมนท์ทรัพยากรรายการนี้
  คอมเมนท์: การเตรียมตัวเข้าท..


 Copyright 2026. Bcnsprnw @Library